Technologia - Statystyki

Ogólne statystyki
  • Ten quiz został rozwiązany 4 razy
  • Średni wynik to 5 z 10
Statystyki odpowiedzi
Hint Odpowiedź % Poprawnych
Pochodzi z tego państwa firma apple Usa
100%
Największa produkcja elektroniki na świecie Chiny
67%
Pociągi szybkiego ruchu shinkansen Japonia
67%
Bardzo szybki internet produkcja produktów firmy lg Korea Południowa
67%
Inżynieria mechaniczna Niemcy
67%
Technologie medyczne i farmaceutyczne Szwajcaria
67%
Bardzo wysoki poziom cyberbezpieczeństwa Singapur
33%
Bardzo rozwinięta IT Szwecja
33%
Firma supercell Finlandia
0%
Technologie wojskowe Izrael
0%
Nie znaleziono quizów pasujących do podanych kryteriów
Rozkład punktacji
Procent ludzi z każdym wynikiem
Percentyl według liczby udzielonych odpowiedzi
Twoja historia wyników
Nie rozwiązałeś tego quizu